[Event "Winnipeg TNT February op"]
[Site "Winnipeg CAN"]
[Date "2012.02.21"]
[Round "3"]
[White "Li, Kevin"]
[Black "Wasserman, Leor"]
[Result "1-0"]
[WhiteElo "2226"]
[BlackElo "1883"]
[PlyCount "127"]
[GameId "2160767909572695"]
[EventDate "2012.02.07"]
[EventType "swiss"]
[EventRounds "4"]
[EventCountry "CAN"]
[SourceTitle "EXT 2022"]
[Source "ChessBase"]
[SourceDate "2021.10.06"]
[SourceVersion "1"]
[SourceVersionDate "2021.10.06"]
[SourceQuality "1"]

1. e4 e5 2. Nf3 Nc6 3. Bb5 f5 4. Nc3 fxe4 5. Nxe4 Nf6 6. Nxf6+ Qxf6 7. Qe2 d6 8. d4 Bg4 9. dxe5 Bxf3 10. exf6+ Bxe2 11. fxg7 Bxg7 12. Bxc6+ bxc6 13. Kxe2 Kd7 14. c3 Rab8 15. Kd3 Rhe8 16. b3 Rb5 17. Be3 Rd5+ 18. Kc2 c5 19. Rad1 Rf5 20. Rd2 Kc6 21. c4 a5 22. a4 Bd4 23. Bxd4 cxd4 24. Rhd1 Kd7 25. Rxd4 Rxf2+ 26. R1d2 Rxd2+ 27. Kxd2 c5 28. Rh4 Re7 29. Rh6 Kc6 30. g4 Rg7 31. h3 Re7 32. g5 Rg7 33. h4 Re7 34. Kd3 Kc7 35. h5 Kc6 36. g6 hxg6 37. hxg6 Rb7 38. Kc3 Rg7 39. Kc2 d5 40. cxd5+ Kxd5 41. Kc3 Rg8 42. Rh5+ Kd6 43. Rg5 Rg7 44. Kc4 Ke6 45. Kxc5 Kf6 46. Rg3 Ke5 47. Kb5 Kd4 48. Kxa5 Kc5 49. b4+ Kc6 50. b5+ Kc5 51. Rg5+ Kd6 52. Kb4 Kc7 53. a5 Kb7 54. Kc5 Rc7+ 55. Kd6 Rg7 56. Ke6 Rg8 57. g7 Ka7 58. Kf7 Rb8 59. g8=Q Rb7+ 60. Ke6 Rd7 61. Kxd7 Kb7 62. Rg7 Ka7 63. Ke7 Kb7 64. Kd6# 1-0

[Event "Winnipeg TNT February op"]
[Site "Winnipeg CAN"]
[Date "2012.02.21"]
[Round "3"]
[White "Lipnowski, Samuel"]
[Black "Kernetsky, Myron"]
[Result "1/2-1/2"]
[WhiteElo "2234"]
[BlackElo "1975"]
[PlyCount "111"]
[GameId "2160767909572696"]
[EventDate "2012.02.07"]
[EventType "swiss"]
[EventRounds "4"]
[EventCountry "CAN"]
[SourceTitle "EXT 2022"]
[Source "ChessBase"]
[SourceDate "2021.10.06"]
[SourceVersion "1"]
[SourceVersionDate "2021.10.06"]
[SourceQuality "1"]

1. e4 e6 2. d4 d5 3. Nc3 Bb4 4. e5 Qd7 5. a3 Bf8 6. f4 Nc6 7. Nf3 b6 8. Bb5 Bb7 9. O-O Nge7 10. Be3 f6 11. exf6 gxf6 12. Nh4 O-O-O 13. Qh5 Bg7 14. f5 Rdf8 15. fxe6 Qxe6 16. Rae1 Qf7 17. Qxf7 Rxf7 18. Be2 Kb8 19. Bh5 Rff8 20. Nf5 Nxf5 21. Rxf5 Ne7 22. Rf2 f5 23. Ne2 Ng6 24. c3 Rf6 25. Nf4 Re8 26. Bd2 Rxe1+ 27. Bxe1 Nxf4 28. Rxf4 Bh6 29. Rf3 Re6 30. Bg3 Re2 31. Rxf5 Rxb2 32. h3 Rc2 33. Rf7 Rxc3 34. Be5 Bc8 35. Rxh7 Be3+ 36. Kh2 Bf5 37. Rh8+ Kb7 38. Bf3 Be4 39. Bxe4 dxe4 40. Rh4 Kc6 41. Rxe4 Kd5 42. Rg4 Rxa3 43. Bxc7 Bxd4 44. h4 b5 45. h5 Rc3 46. Bd8 b4 47. h6 Be5+ 48. g3 b3 49. h7 b2 50. Rg5 Re3 51. h8=Q b1=Q 52. Qg8+ Kd4 53. Rg4+ Re4 54. Qg6 Qe1 55. Rxe4+ Qxe4 56. Qa6 1/2-1/2

[Event "Winnipeg TNT February op"]
[Site "Winnipeg CAN"]
[Date "2012.02.21"]
[Round "3"]
[White "Mundwiler, Les"]
[Black "Moncal, Nilo"]
[Result "0-1"]
[WhiteElo "2073"]
[BlackElo "2137"]
[PlyCount "70"]
[GameId "2160767909572697"]
[EventDate "2012.02.07"]
[EventType "swiss"]
[EventRounds "4"]
[EventCountry "CAN"]
[SourceTitle "EXT 2022"]
[Source "ChessBase"]
[SourceDate "2021.10.06"]
[SourceVersion "1"]
[SourceVersionDate "2021.10.06"]
[SourceQuality "1"]

1. d4 Nf6 2. c4 c5 3. e3 e6 4. Nf3 d5 5. a3 Nc6 6. Nc3 cxd4 7. exd4 Be7 8. c5 a6 9. Bd3 O-O 10. Na4 Nd7 11. h4 f5 12. Bg5 h6 13. Bd2 Bf6 14. Bc3 b5 15. cxb6 Nxb6 16. Nc5 Re8 17. Qc2 Nd7 18. O-O Nxc5 19. dxc5 Bxh4 20. Qa4 Bxf2+ 21. Rxf2 Bd7 22. Qh4 Qxh4 23. Nxh4 g5 24. Nf3 e5 25. Nxe5 Nxe5 26. Bxf5 Bb5 27. Rd1 Bc6 28. Re1 d4 29. Bd2 Kg7 30. Rfe2 Nc4 31. Bc1 a5 32. Be6 d3 33. Rf2 Rad8 34. Bd2 Nxd2 35. Rxd2 Rd4 0-1

[Event "Winnipeg TNT February op"]
[Site "Winnipeg CAN"]
[Date "2012.02.21"]
[Round "3"]
[White "Wolchock, Theo"]
[Black "Iyer, Chandrashekhar"]
[Result "0-1"]
[WhiteElo "1783"]
[BlackElo "1900"]
[PlyCount "98"]
[GameId "2160767909572698"]
[EventDate "2012.02.07"]
[EventType "swiss"]
[EventRounds "4"]
[EventCountry "CAN"]

1. c4 e6 2. g3 d5 3. cxd5 exd5 4. Bg2 Nf6 5. Nc3 Be7 6. e3 O-O 7. Nge2 c6 8. O-O Bf5 9. d3 Na6 10. e4 dxe4 11. dxe4 Bg4 12. Be3 Bc5 13. Bxc5 Nxc5 14. Qc2 Qd3 15. Rac1 Bxe2 16. Nxe2 Qxc2 17. Rxc2 Ncxe4 18. Nc3 Nxc3 19. Rxc3 Rfe8 20. Rd1 g6 21. Rd6 Re1+ 22. Bf1 Ne4 23. Rcd3 Nxd6 24. Rxd6 Rae8 25. Kg2 Kg7 26. Bc4 R1e4 27. Bd3 R4e6 28. Rd7 R8e7 29. Rd4 Re5 30. Rf4 Rd5 31. Bc4 Rd2 32. b4 Red7 33. Rf3 f5 34. Re3 R2d4 35. Rc3 b5 36. Bb3 Rxb4 37. Rxc6 a5 38. Rc3 a4 39. Be6 Re7 40. Bd5 Rb2 41. Rc5 Ree2 42. Rc7+ Kf6 43. Rxh7 Rxf2+ 44. Kg1 Rfd2 45. Rf7+ Kg5 46. h4+ Kg4 47. Bf3+ Kxf3 48. Rxf5+ gxf5 49. h5 Rd1# 0-1

[Event "Winnipeg TNT February op"]
[Site "Winnipeg CAN"]
[Date "2012.02.28"]
[Round "4"]
[White "Cleto, Sam"]
[Black "Swift, Ryne"]
[Result "0-1"]
[WhiteElo "1933"]
[BlackElo "1785"]
[PlyCount "86"]
[GameId "2160767909572699"]
[EventDate "2012.02.07"]
[EventType "swiss"]
[EventRounds "4"]
[EventCountry "CAN"]
[SourceTitle "EXT 2022"]
[Source "ChessBase"]
[SourceDate "2021.10.06"]
[SourceVersion "1"]
[SourceVersionDate "2021.10.06"]
[SourceQuality "1"]

1. e4 e5 2. Nf3 Nc6 3. Bb5 a6 4. Ba4 Nf6 5. O-O b5 6. Bb3 Be7 7. Re1 O-O 8. c3 d6 9. h3 h6 10. d4 exd4 11. cxd4 Bb7 12. Nbd2 Re8 13. Nf1 Qd7 14. Ng3 Bf8 15. Bf4 Rad8 16. a4 Ra8 17. axb5 axb5 18. Rxa8 Rxa8 19. e5 dxe5 20. Bxe5 Be7 21. d5 Na5 22. Bxf6 Bxf6 23. Ba2 Bxb2 24. Qc2 Bf6 25. Nh5 Ra6 26. Bb1 g6 27. Nxf6+ Rxf6 28. Qc3 Ra6 29. Ne5 Qxd5 30. Be4 Qd6 31. Bxb7 Nxb7 32. Nxg6 fxg6 33. Re8+ Kf7 34. Rh8 Nc5 35. Rh7+ Ke6 36. Rxh6 Kd5 37. Qf3+ Ke5 38. g3 Ra1+ 39. Kg2 Qd1 40. Qf4+ Kd5 41. Qg5+ Kc4 42. Rh4+ Kb3 43. Qe3+ Ka2 0-1

[Event "Winnipeg TNT February op"]
[Site "Winnipeg CAN"]
[Date "2012.02.28"]
[Round "4"]
[White "Green, Jim"]
[Black "Leaden, Bruce"]
[Result "1-0"]
[WhiteElo "1817"]
[BlackElo "1480"]
[PlyCount "49"]
[GameId "2160767909572700"]
[EventDate "2012.02.07"]
[EventType "swiss"]
[EventRounds "4"]
[EventCountry "CAN"]
[SourceTitle "EXT 2022"]
[Source "ChessBase"]
[SourceDate "2021.10.06"]
[SourceVersion "1"]
[SourceVersionDate "2021.10.06"]
[SourceQuality "1"]

1. e4 c5 2. Nf3 g6 3. c4 Nc6 4. Nc3 Bg7 5. Be2 d6 6. O-O Nf6 7. d3 O-O 8. h3 Nd7 9. Be3 Bxc3 10. bxc3 Qa5 11. Qd2 Rb8 12. Bh6 Re8 13. Rfb1 Nde5 14. Nxe5 dxe5 15. Rb5 Qa3 16. Qc2 b6 17. Rab1 Qa6 18. f4 Bd7 19. R5b2 exf4 20. Bxf4 e5 21. Bh6 Be6 22. Bf3 Rbd8 23. Qf2 Rxd3 24. Be2 Rd7 25. Qf6 1-0

[Event "Winnipeg TNT February op"]
[Site "Winnipeg CAN"]
[Date "2012.02.28"]
[Round "4"]
[White "Kaptsan, Aron"]
[Black "Li, Kevin"]
[Result "0-1"]
[WhiteElo "1947"]
[BlackElo "2226"]
[PlyCount "92"]
[GameId "2160767909572701"]
[EventDate "2012.02.07"]
[EventType "swiss"]
[EventRounds "4"]
[EventCountry "CAN"]
[SourceTitle "EXT 2022"]
[Source "ChessBase"]
[SourceDate "2021.10.06"]
[SourceVersion "1"]
[SourceVersionDate "2021.10.06"]
[SourceQuality "1"]

1. d4 Nf6 2. c4 e6 3. Nc3 Bb4 4. a3 Bxc3+ 5. bxc3 c5 6. e3 d6 7. Bd3 Nc6 8. Ne2 O-O 9. O-O b6 10. e4 Qc7 11. f4 e5 12. d5 Na5 13. fxe5 dxe5 14. Ng3 Ne8 15. Nf5 Bxf5 16. Rxf5 f6 17. Rf3 Nd6 18. Qe2 Qd7 19. Rh3 Rf7 20. Qh5 g6 21. Qh4 Nb3 22. Rb1 Nxc1 23. Rxc1 Raf8 24. Be2 Qe7 25. Rf1 f5 26. exf5 Qxh4 27. Rxh4 gxf5 28. Rh6 Rf6 29. Rxf6 Rxf6 30. g3 Kg7 31. Kf2 f4 32. gxf4 Rxf4+ 33. Ke3 Nf5+ 34. Kd2 Rxf1 35. Bxf1 Kf6 36. Bd3 Nd6 37. Ke3 h6 38. h4 e4 39. Bf1 Ke5 40. a4 Nf5+ 41. Ke2 Nxh4 42. Bh3 Nf3 43. Ke3 Ng5 44. Bg4 Nf7 45. Bh5 Nd6 46. Be2 h5 0-1

[Event "Winnipeg TNT February op"]
[Site "Winnipeg CAN"]
[Date "2012.02.28"]
[Round "4"]
[White "Milward, David"]
[Black "De Groot, Steven"]
[Result "0-1"]
[WhiteElo "1731"]
[BlackElo "1852"]
[PlyCount "44"]
[GameId "2160767909572702"]
[EventDate "2012.02.07"]
[EventType "swiss"]
[EventRounds "4"]
[EventCountry "CAN"]

1. e4 c5 2. Nf3 d6 3. d4 cxd4 4. Nxd4 Nf6 5. Nc3 a6 6. Bg5 e6 7. f4 Be7 8. Qf3 Qc7 9. O-O-O Nbd7 10. Bd3 b5 11. Rhe1 Bb7 12. Qg3 b4 13. Nd5 exd5 14. exd5 Kd8 15. Qe3 Nb6 16. Nc6+ Bxc6 17. dxc6 Nbd5 18. Qd4 Qxc6 19. Rxe7 Nxe7 20. Bxf6 gxf6 21. Be4 d5 22. Qxb4 Ke8 0-1

[Event "Winnipeg TNT February op"]
[Site "Winnipeg CAN"]
[Date "2012.02.28"]
[Round "4"]
[White "Moncal, Nilo"]
[Black "Kernetsky, Myron"]
[Result "1/2-1/2"]
[WhiteElo "2137"]
[BlackElo "1975"]
[PlyCount "71"]
[GameId "2160767909572703"]
[EventDate "2012.02.07"]
[EventType "swiss"]
[EventRounds "4"]
[EventCountry "CAN"]
[SourceTitle "EXT 2022"]
[Source "ChessBase"]
[SourceDate "2021.10.06"]
[SourceVersion "1"]
[SourceVersionDate "2021.10.06"]
[SourceQuality "1"]

1. e4 e6 2. d4 d5 3. exd5 exd5 4. Bd3 Bd6 5. Nf3 Ne7 6. O-O Nbc6 7. c3 O-O 8. Re1 Bf5 9. Bg5 f6 10. Bh4 Qd7 11. Bg3 Rfe8 12. Bxd6 Qxd6 13. Bxf5 Nxf5 14. Nbd2 Rxe1+ 15. Qxe1 Qd7 16. Qe2 a6 17. Re1 Nd6 18. Qd3 Re8 19. Rxe8+ Qxe8 20. h3 Qe6 21. Qe3 Kf7 22. Kf1 Ne7 23. Qxe6+ Kxe6 24. Ke2 Ng6 25. g3 h6 26. Kd3 Ne7 27. b3 Nc6 28. Ne1 g5 29. Nc2 Ne7 30. c4 c6 31. c5 Ndf5 32. b4 Ng7 33. Nb3 Kd7 34. Ne3 h5 35. Nd2 Ne6 36. Nb3 1/2-1/2

[Event "Winnipeg TNT February op"]
[Site "Winnipeg CAN"]
[Date "2012.02.28"]
[Round "4"]
[White "Mundwiler, Les"]
[Black "Lipnowski, Samuel"]
[Result "1/2-1/2"]
[WhiteElo "2073"]
[BlackElo "2234"]
[PlyCount "101"]
[GameId "2160767909572704"]
[EventDate "2012.02.07"]
[EventType "swiss"]
[EventRounds "4"]
[EventCountry "CAN"]
[SourceTitle "EXT 2022"]
[Source "ChessBase"]
[SourceDate "2021.10.06"]
[SourceVersion "1"]
[SourceVersionDate "2021.10.06"]
[SourceQuality "1"]

1. d4 d5 2. c4 e6 3. Nf3 Nf6 4. g3 Be7 5. Bg2 O-O 6. b3 c5 7. dxc5 dxc4 8. Qc2 Qa5+ 9. Qc3 Qxc3+ 10. Nxc3 cxb3 11. axb3 Bxc5 12. O-O Nc6 13. Na4 Bb4 14. Nb6 Rb8 15. Nxc8 Rbxc8 16. Bb2 a6 17. Rfc1 h6 18. Rc4 Be7 19. Nd2 Nd5 20. Ne4 Ncb4 21. Rac1 Nb6 22. Rc7 Rxc7 23. Rxc7 N6d5 24. Rxb7 Rc8 25. Nd2 Rc2 26. Nc4 Rxe2 27. Kf1 Rc2 28. Be4 Bc5 29. Bxc2 Nxc2 30. Rb8+ Kh7 31. Ra8 Ncb4 32. Rc8 Nd3 33. Ke2 N5b4 34. Bc3 Nc1+ 35. Kd1 Nxb3 36. Rxc5 Nxc5 37. Bxb4 Nd3 38. Be1 Kg6 39. Ke2 Nxe1 40. Kxe1 Kf5 41. Nd6+ Ke5 42. Nxf7+ Kd5 43. f4 a5 44. Kd2 Ke4 45. Nd8 Kf5 46. Nc6 a4 47. Nd4+ Kf6 48. h4 e5 49. Ne2 exf4 50. Nxf4 Kf5 51. h5 1/2-1/2

[Event "Winnipeg TNT February op"]
[Site "Winnipeg CAN"]
[Date "2012.02.28"]
[Round "4"]
[White "Reimer, Bruce"]
[Black "Baron, Cody"]
[Result "0-1"]
[WhiteElo "1535"]
[BlackElo "1418"]
[PlyCount "82"]
[GameId "2160767909572705"]
[EventDate "2012.02.07"]
[EventType "swiss"]
[EventRounds "4"]
[EventCountry "CAN"]
[SourceTitle "EXT 2022"]
[Source "ChessBase"]
[SourceDate "2021.10.06"]
[SourceVersion "1"]
[SourceVersionDate "2021.10.06"]
[SourceQuality "1"]

1. c4 e5 2. g3 Nf6 3. Bg2 c5 4. Nc3 Nc6 5. e4 Be7 6. Nge2 O-O 7. O-O Rb8 8. f4 a6 9. a4 d6 10. d3 Bg4 11. h3 Bxe2 12. Nxe2 b5 13. axb5 axb5 14. b3 Qb6 15. Be3 Ra8 16. Qb1 Nb4 17. Rxa8 Rxa8 18. Nc3 Nd7 19. Nxb5 Bf6 20. Rd1 exf4 21. Bxf4 Ra1 22. Qxa1 Bxa1 23. Rxa1 h6 24. Ra8+ Kh7 25. Ra7 Ne5 26. Bxe5 dxe5 27. Rxf7 Nxd3 28. Bf1 Qg6 29. Rf3 Ne1 30. Re3 Nc2 31. Re2 Qxg3+ 32. Rg2 Qxb3 33. Nd6 Ne3 34. Rg3 Qb6 35. Nf5 Nxf5 36. exf5 Qb1 37. Kf2 Qxf5+ 38. Rf3 Qc2+ 39. Kg3 e4 40. Ra3 Qc1 41. Ra5 Qxf1 0-1

[Event "Winnipeg TNT January op"]
[Site "Winnipeg CAN"]
[Date "2012.01.10"]
[Round "1"]
[White "Atkinson, Barry"]
[Black "Mundwiler, Les"]
[Result "0-1"]
[WhiteElo "1511"]
[BlackElo "2072"]
[PlyCount "42"]
[GameId "2160767909572869"]
[EventDate "2012.01.10"]
[EventType "swiss"]
[EventRounds "4"]
[EventCountry "CAN"]
[SourceTitle "EXT 2022"]
[Source "ChessBase"]
[SourceDate "2021.10.06"]
[SourceVersion "1"]
[SourceVersionDate "2021.10.06"]
[SourceQuality "1"]

1. e4 e5 2. Nf3 Nc6 3. Bb5 a6 4. Ba4 Nf6 5. O-O Be7 6. Re1 b5 7. Bb3 O-O 8. c3 d5 9. exd5 Nxd5 10. Nxe5 Nxe5 11. Rxe5 c6 12. d4 Bd6 13. Re1 Qh4 14. g3 Qh3 15. Qf3 Bg4 16. Qg2 Qh5 17. Bd2 Rae8 18. Na3 Bf3 19. Qf1 Bf4 20. Bxd5 Bxd5 21. Bxf4 Qf3 0-1

[Event "Winnipeg TNT January op"]
[Site "Winnipeg CAN"]
[Date "2012.01.10"]
[Round "1"]
[White "Czypinski, Jaroslaw"]
[Black "Baron, Cody"]
[Result "1-0"]
[WhiteElo "1990"]
[BlackElo "1403"]
[PlyCount "51"]
[GameId "2160767909572870"]
[EventDate "2012.01.10"]
[EventType "swiss"]
[EventRounds "4"]
[EventCountry "CAN"]
[SourceTitle "EXT 2022"]
[Source "ChessBase"]
[SourceDate "2021.10.06"]
[SourceVersion "1"]
[SourceVersionDate "2021.10.06"]
[SourceQuality "1"]

1. Nf3 Nf6 2. d4 e6 3. e3 Nc6 4. c3 d5 5. Bd3 Be7 6. Nbd2 O-O 7. O-O Qd6 8. e4 e5 9. exd5 exd4 10. dxc6 dxc3 11. Ne4 Qxc6 12. Nxc3 Bg4 13. h3 Bh5 14. Bb5 Qc5 15. Be3 Qb4 16. Qb3 Bxf3 17. Qxb4 Bxb4 18. gxf3 c6 19. Bc4 Nd7 20. Rfd1 Ne5 21. Be2 f5 22. Bf4 Rfe8 23. Bxe5 Bxc3 24. Bc4+ Kh8 25. Bxc3 b5 26. Bd3 1-0

[Event "Winnipeg TNT January op"]
[Site "Winnipeg CAN"]
[Date "2012.01.10"]
[Round "1"]
[White "Lawless, David"]
[Black "Evans, Brian"]
[Result "1-0"]
[WhiteElo "2055"]
[BlackElo "1508"]
[PlyCount "55"]
[GameId "2160767909572872"]
[EventDate "2012.01.10"]
[EventType "swiss"]
[EventRounds "4"]
[EventCountry "CAN"]
[SourceTitle "EXT 2022"]
[Source "ChessBase"]
[SourceDate "2021.10.06"]
[SourceVersion "1"]
[SourceVersionDate "2021.10.06"]
[SourceQuality "1"]

1. e4 e6 2. d4 d5 3. Nc3 Nf6 4. Bg5 dxe4 5. Nxe4 Be7 6. Bxf6 Bxf6 7. Nf3 O-O 8. Nxf6+ Qxf6 9. Bd3 Nc6 10. O-O Kh8 11. c3 e5 12. dxe5 Nxe5 13. Nxe5 Qxe5 14. Qf3 c6 15. Rfe1 Qg5 16. h3 Be6 17. c4 Rad8 18. Re3 Rd4 19. Rae1 Rfd8 20. b3 g6 21. Bf1 Rd2 22. Re5 Qe7 23. a4 Kg7 24. Qc3 Qf6 25. Qe3 Rd1 26. Qxa7 b5 27. axb5 cxb5 28. Rxe6 1-0

[Event "Winnipeg TNT January op"]
[Site "Winnipeg CAN"]
[Date "2012.01.10"]
[Round "1"]
[White "Leaden, Bruce"]
[Black "Kernetsky, Myron"]
[Result "0-1"]
[WhiteElo "1497"]
[BlackElo "1991"]
[PlyCount "108"]
[GameId "2160767909572873"]
[EventDate "2012.01.10"]
[EventType "swiss"]
[EventRounds "4"]
[EventCountry "CAN"]
[SourceTitle "EXT 2022"]
[Source "ChessBase"]
[SourceDate "2021.10.06"]
[SourceVersion "1"]
[SourceVersionDate "2021.10.06"]
[SourceQuality "1"]

1. e4 d6 2. d4 g6 3. Nf3 Bg7 4. Be3 Nd7 5. Nbd2 a6 6. c3 b6 7. Be2 Bb7 8. O-O h6 9. Qc2 c5 10. d5 Ngf6 11. Ne1 O-O 12. f4 b5 13. c4 bxc4 14. Nxc4 Nb6 15. Rb1 Nxc4 16. Qxc4 a5 17. Qb3 Qc7 18. a4 Nxe4 19. Bf3 Nf6 20. Nc2 Ba6 21. Rfe1 Rab8 22. Qa3 Bc4 23. Rbd1 Nd7 24. Bc1 Rfe8 25. Ne3 Ba6 26. Be2 Qa7 27. Nc4 Bxc4 28. Bxc4 Nf6 29. b3 Rec8 30. Bb2 Qd7 31. Ba1 Rc7 32. Qb2 Qg4 33. Rf1 Qf5 34. Rd3 Nh5 35. Qc1 Bxa1 36. Qxa1 Qg4 37. Rdf3 Qf5 38. Qc3 Ra7 39. h3 Qd7 40. g4 Nf6 41. g5 Nh5 42. gxh6 Kh7 43. f5 Nf6 44. fxg6+ fxg6 45. Rxf6 exf6 46. Qxf6 Qxh3 47. Rf3 Qg4+ 48. Kf2 Re8 49. Rg3 Qf5+ 50. Qxf5 gxf5 51. Rf3 Re5 52. Bd3 Rf7 53. Bc4 Kxh6 54. Bd3 f4 0-1

[Event "Winnipeg TNT January op"]
[Site "Winnipeg CAN"]
[Date "2012.01.10"]
[Round "1"]
[White "Li, Kevin"]
[Black "Wolchock, Theo"]
[Result "1-0"]
[WhiteElo "2238"]
[BlackElo "1700"]
[PlyCount "107"]
[GameId "2160767909572874"]
[EventDate "2012.01.10"]
[EventType "swiss"]
[EventRounds "4"]
[EventCountry "CAN"]
[SourceTitle "EXT 2022"]
[Source "ChessBase"]
[SourceDate "2021.10.06"]
[SourceVersion "1"]
[SourceVersionDate "2021.10.06"]
[SourceQuality "1"]

1. e4 c5 2. Nf3 g6 3. Nc3 Bg7 4. d3 Nc6 5. g3 e6 6. Be3 b6 7. Bg2 Nge7 8. d4 cxd4 9. Nxd4 O-O 10. O-O Bb7 11. Ndb5 Nc8 12. f4 a6 13. Nd6 Nxd6 14. Qxd6 b5 15. Rad1 Qb8 16. e5 Re8 17. Qxb8 Raxb8 18. Rxd7 Red8 19. Rxb7 Rxb7 20. Bxc6 Rbb8 21. Bf3 Bf8 22. Ne4 Be7 23. Kf2 Rbc8 24. c3 b4 25. Rc1 bxc3 26. bxc3 Rb8 27. Rc2 Ba3 28. c4 Rdc8 29. c5 Rb2 30. Rxb2 Bxb2 31. Nd6 Rc7 32. c6 Kf8 33. Bb6 Re7 34. Nc4 Bc3 35. Bc5 Ke8 36. Nd6+ Kf8 37. Ne4 Ba5 38. Nf6 Bc7 39. a4 a5 40. Ke2 h5 41. h4 Bd8 42. Kd3 Bc7 43. Kc4 Bd8 44. Kb5 Bc7 45. Ka6 Bd8 46. Be4 Bc7 47. Kb7 Bd6+ 48. Nd7+ Kg8 49. exd6 Re8 50. Nf6+ Kf8 51. d7+ Kg7 52. dxe8=N+ Kh8 53. Bf8 g5 54. Bg7# 1-0

[Event "Winnipeg TNT January op"]
[Site "Winnipeg CAN"]
[Date "2012.01.10"]
[Round "1"]
[White "Maas, Jason"]
[Black "Cleto, Sam"]
[Result "0-1"]
[WhiteElo "1271"]
[BlackElo "1961"]
[PlyCount "46"]
[GameId "2160767909572875"]
[EventDate "2012.01.10"]
[EventType "swiss"]
[EventRounds "4"]
[EventCountry "CAN"]
[SourceTitle "EXT 2022"]
[Source "ChessBase"]
[SourceDate "2021.10.06"]
[SourceVersion "1"]
[SourceVersionDate "2021.10.06"]
[SourceQuality "1"]

1. e4 c5 2. Bc4 e6 3. Nc3 a6 4. a4 Nc6 5. Nf3 d6 6. d3 Be7 7. O-O Nf6 8. Bg5 h6 9. Bxf6 Bxf6 10. Qb1 Ne5 11. Nxe5 Bxe5 12. Ne2 O-O 13. Rd1 d5 14. exd5 exd5 15. Bb3 Bg4 16. f3 Be6 17. d4 cxd4 18. Nxd4 Qh4 19. Ne2 Qxh2+ 20. Kf2 Qh4+ 21. g3 Qh2+ 22. Ke1 Bxg3+ 23. Kd2 Bf4+ 0-1

[Event "Winnipeg TNT January op"]
[Site "Winnipeg CAN"]
[Date "2012.01.10"]
[Round "1"]
[White "Milward, David"]
[Black "Lipnowski, Samuel"]
[Result "1/2-1/2"]
[WhiteElo "1720"]
[BlackElo "2263"]
[PlyCount "160"]
[GameId "2160767909572876"]
[EventDate "2012.01.10"]
[EventType "swiss"]
[EventRounds "4"]
[EventCountry "CAN"]

1. e4 c5 2. Nf3 d6 3. d4 cxd4 4. Nxd4 Nf6 5. Nc3 a6 6. Bg5 e6 7. f4 Qb6 8. Qd2 Qxb2 9. Nb3 Qa3 10. Bxf6 gxf6 11. Be2 Nc6 12. O-O Bd7 13. Bh5 Bh6 14. Rad1 Rd8 15. Nd5 exd5 16. exd5 Ne7 17. Qd4 O-O 18. Qxf6 Nf5 19. Bxf7+ Rxf7 20. Qxd8+ Kg7 21. Rde1 Qb4 22. g4 Bxf4 23. gxf5 Bxf5 24. Re8 Kg6 25. Rg8+ Kh5 26. Qe8 Bg6 27. Qe2+ Kh6 28. Rf3 Rf5 29. Rh3+ Rh5 30. Rxh5+ Bxh5 31. Qe6+ Bg6 32. Qe7 Qe4 33. Qxe4 Bxe4 34. Rg4 Be3+ 35. Kf1 Bxd5 36. Ke2 Bg5 37. Rd4 Bh1 38. Rxd6+ Kh5 39. Nd4 Be4 40. c4 Bf4 41. Re6 Bb1 42. a4 Bxh2 43. Re7 b6 44. Rb7 Be4 45. Rxb6 Bg1 46. Rd6 Kg4 47. Ne6 h5 48. c5 Bh2 49. Rd4 Kf5 50. Ng7+ Ke5 51. Rc4 Kd5 52. Rc1 h4 53. c6 h3 54. c7 Bxc7 55. Rxc7 h2 56. Rc1 h1=Q 57. Rxh1 Bxh1 58. Kd3 Kc5 59. Kc3 Bd5 60. Nf5 Bc6 61. Kb3 Kb6 62. Ne3 Kc5 63. Nc2 Bd5+ 64. Kc3 a5 65. Ne3 Be6 66. Nc2 Bd7 67. Kb3 Bg4 68. Ne3 Be2 69. Kc3 Ba6 70. Nc2 Bc8 71. Ne3 Be6 72. Nc2 Bd7 73. Kb3 Kd5 74. Ne3+ Kd4 75. Nc2+ Kd3 76. Ne1+ Kd2 77. Nf3+ Kc1 78. Ne5 Be8 79. Nd3+ Kb1 80. Nc5 Bxa4+ 1/2-1/2

[Event "Winnipeg TNT January op"]
[Site "Winnipeg CAN"]
[Date "2012.01.10"]
[Round "1"]
[White "Moncal, Nilo"]
[Black "Trueman, Francis"]
[Result "1-0"]
[WhiteElo "2101"]
[BlackElo "1523"]
[PlyCount "93"]
[GameId "2160767909572877"]
[EventDate "2012.01.10"]
[EventType "swiss"]
[EventRounds "4"]
[EventCountry "CAN"]
[SourceTitle "EXT 2022"]
[Source "ChessBase"]
[SourceDate "2021.10.06"]
[SourceVersion "1"]
[SourceVersionDate "2021.10.06"]
[SourceQuality "1"]

1. e4 d6 2. d4 Nf6 3. Nc3 g6 4. Be3 Bg7 5. f3 O-O 6. Qd2 c6 7. Bh6 Qc7 8. h4 Nh5 9. Bxg7 Kxg7 10. Nge2 e5 11. g4 Nf6 12. h5 Kh8 13. Qh6 Rg8 14. O-O-O a5 15. dxe5 dxe5 16. Ng3 Be6 17. g5 Ne8 18. hxg6 fxg6 19. Bh3 Bxh3 20. Qxh3 Rg7 21. Qe6 Nd7 22. Nf1 Nf8 23. Qh3 Qe7 24. Qg3 Ne6 25. Qxe5 Qxg5+ 26. Qxg5 Nxg5 27. f4 Ne6 28. f5 Nc5 29. Ne3 b5 30. fxg6 Rxg6 31. Rh5 Ne6 32. e5 N8g7 33. Rh2 Rg5 34. Rdh1 h5 35. Ng2 Rf8 36. Nh4 Kh7 37. Re1 Rf4 38. Ne4 Rxe5 39. Nf6+ Rxf6 40. Rxe5 Nd4 41. c3 Nde6 42. a4 Nf4 43. Kc2 Nd5 44. axb5 Nb6 45. bxc6 Rxc6 46. Nf5 Nc4 47. Re7 1-0

[Event "Winnipeg TNT January op"]
[Site "Winnipeg CAN"]
[Date "2012.01.10"]
[Round "1"]
[White "Reimer, Bruce"]
[Black "Babb, Jeff"]
[Result "0-1"]
[WhiteElo "1537"]
[BlackElo "2201"]
[PlyCount "98"]
[GameId "2160767909572878"]
[EventDate "2012.01.10"]
[EventType "swiss"]
[EventRounds "4"]
[EventCountry "CAN"]
[SourceTitle "EXT 2022"]
[Source "ChessBase"]
[SourceDate "2021.10.06"]
[SourceVersion "1"]
[SourceVersionDate "2021.10.06"]
[SourceQuality "1"]

1. c4 Nc6 2. g3 d5 3. cxd5 Qxd5 4. Nf3 Ne5 5. Bg2 Nxf3+ 6. Bxf3 Qa5 7. O-O c6 8. d4 Nf6 9. Nd2 Be6 10. a3 g6 11. e4 Qb6 12. Qa4 Bg7 13. d5 Bd7 14. Nc4 Qb5 15. Qxb5 cxb5 16. Na5 Bg4 17. Bg2 O-O 18. Nxb7 Rac8 19. Rb1 Be2 20. Re1 Bd3 21. Ra1 Nd7 22. Bf1 Ne5 23. Re3 Bxf1 24. Kxf1 Ng4 25. Rb3 Rc2 26. Be3 Nxe3+ 27. Rxe3 Rxb2 28. Rd1 Rc8 29. Re2 Rxe2 30. Kxe2 Bb2 31. d6 Rc2+ 32. Kd3 Rc3+ 33. Kd2 exd6 34. Nxd6 Rc5 35. Rb1 Bc3+ 36. Kd3 a6 37. Rc1 Bb4 38. Ra1 Rc3+ 39. Kd4 Rxa3 40. Rxa3 Bxa3 41. Nb7 Kf8 42. f4 Ke7 43. Kd5 Kd7 44. g4 Bb4 45. f5 a5 46. Nc5+ Bxc5 47. Kxc5 a4 48. Kb4 Kd6 49. fxg6 fxg6 0-1